Statistics for Countries That Speak French

Click here to take the quiz!

General Stats

  • This quiz has been taken 38 times
  • The average score is 21 of 30

Answer Stats

Use of the French LanguageCountry% Correct
Only official languageFrance
100%
Co-officialBelgium
91%
Co-officialCanada
89%
Only official languageNiger
89%
Co-officialCameroon
86%
Co-officialChad
83%
Only official languageSenegal
83%
Co-officialSwitzerland
83%
Only official languageMali
77%
Only official languageTogo
77%
Only official languageBenin
74%
Only official languageIvory Coast
74%
Co-officialLuxembourg
74%
Co-officialMorocco
74%
Only official languageBurkina Faso
71%
Only official languageGuinea
71%
Only official languageMonaco
71%
Co-officialHaiti
69%
Only official languageGabon
66%
Co-officialMadagascar
63%
Co-officialDjibouti
60%
Co-officialRwanda
60%
Co-officialSeychelles
60%
Co-officialBurundi
57%
Co-officialComoros
51%
Co-officialEquatorial Guinea
51%
Co-officialCentral African Republic
49%
Only official languageRepublic of the Congo
49%
Only official language (most populous French-speaking nation)Democratic Republic of the Congo
43%
Co-officialVanuatu
40%

Score Distribution

Percentile by Number Answered

Percent of People with Each Score

Your Score History

You have not taken this quiz